မိူင်းၼိူဝ်မိူင်းတႂ်ႈပိုၼ်းၸၼ်ႉၵၢင် (Record no. 6144)
[ view plain ]
| 000 -LEADER | |
|---|---|
| fixed length control field | 00946nam a22002057a 4500 |
| 003 - CONTROL NUMBER IDENTIFIER | |
| control field | OSt |
| 005 - DATE AND TIME OF LATEST TRANSACTION | |
| control field | 20260127160412.0 |
| 008 - FIXED-LENGTH DATA ELEMENTS--GENERAL INFORMATION | |
| fixed length control field | 210704b ||||| |||| 00| 0 eng d |
| 040 ## - CATALOGING SOURCE | |
| Transcribing agency | OSt |
| 041 ## - LANGUAGE CODE | |
| Language code of text/sound track or separate title | Shan |
| 082 ## - DEWEY DECIMAL CLASSIFICATION NUMBER | |
| Classification number | 959.195919 |
| 100 ## - MAIN ENTRY--PERSONAL NAME | |
| Personal name | ၶိူဝ်းသႅၼ် |
| 245 ## - TITLE STATEMENT | |
| Title | မိူင်းၼိူဝ်မိူင်းတႂ်ႈပိုၼ်းၸၼ်ႉၵၢင် |
| Statement of responsibility, etc. | ၶိူဝ်းသႅၼ် |
| 260 ## - PUBLICATION, DISTRIBUTION, ETC. | |
| Place of publication, distribution, etc. | [ဢမ်ႇပႃးဝဵင်ႈ] |
| Name of publisher, distributor, etc. | ၵေႃတႅမ်ႈပပ်ႉႁဵၼ်းငဝ်ႈငုၼ်းၾိင်ႈငႄႈလိၵ်ႈလၢႆးပၢႆးပိင်ႇၺႃႇတႆး |
| Date of publication, distribution, etc. | 2007 |
| 300 ## - PHYSICAL DESCRIPTION | |
| Extent | 232 ၼႃႈ |
| Other physical details | ပႃးၶႅပ်ႈႁၢင်ႈ၊ ႁၢင်ႈၽႅၼ်ႇလိၼ် |
| Dimensions | 27 ၸိၼ်ႇထီႇ |
| 500 ## - GENERAL NOTE | |
| General note | S-SAT: Dr. Prof Sai Aung Tun |
| 650 ## - SUBJECT ADDED ENTRY--TOPICAL TERM | |
| Topical term or geographic name entry element | ပိုၼ်းတႆး |
| 942 ## - ADDED ENTRY ELEMENTS (KOHA) | |
| Koha item type | Books (Long term) |
| 100 ## - MAIN ENTRY--PERSONAL NAME | |
| 9 (RLIN) | 48732 |
| 650 ## - SUBJECT ADDED ENTRY--TOPICAL TERM | |
| 9 (RLIN) | 20580 |
| Source of classification or shelving scheme | |
| Withdrawn status | Lost status | Source of classification or shelving scheme | Damaged status | Not for loan | Collection Code | Permanent Location | Current Location | Shelving location | Date acquired | Total Checkouts | Full call number | Barcode | Date last seen | Date last checked out | Copy number | Price effective from | Koha item type | Accession | Total Renewals |
|---|---|---|---|---|---|---|---|---|---|---|---|---|---|---|---|---|---|---|---|
| Tai Collection | Shan State Buddhist University Library | Shan State Buddhist University Library | Tai Shelves | 04/07/2021 | 3 | 959.195919 ၶိူဝ်း ႑႐႓(1) | SH00000103 | 29/08/2025 | 06/08/2025 | 1 | 04/07/2021 | Books (Long term) | ႑႐႓(1) | ||||||
| Tai Collection | Shan State Buddhist University Library | Shan State Buddhist University Library | Tai Shelves | 04/07/2021 | 2 | 959.195919 ၶိူဝ်း ႑႐႔(2) | SH00000104 | 26/07/2024 | 17/07/2024 | 2 | 04/07/2021 | Books (Long term) | ႑႐႔(2) | ||||||
| Tai Collection | Shan State Buddhist University Library | Shan State Buddhist University Library | Tai Shelves | 04/07/2021 | 3 | 959.195919 ၶိူဝ်း ႑႐႕(3) | SH00000105 | 24/10/2025 | 02/10/2025 | 3 | 04/07/2021 | Books (Long term) | ႑႐႕(3) | 1 | |||||
| Special Collections | Shan State Buddhist University Library | Shan State Buddhist University Library | Special Collection Shelves | 04/07/2021 | 4 | 959.195919 ၶိူဝ်း ႒႔႕႕ S-SAT | SH00002455 | 31/07/2025 | 17/07/2025 | 4 | 04/07/2021 | Book (Short term) | ႒႔႕႕ S-SAT | 1 | |||||
| Tai Collection | Shan State Buddhist University Library | Shan State Buddhist University Library | Tai Shelves | 18/08/2021 | 2 | 959.195919 ၶိူဝ်း ႙႓႓ | SH00000933 | 17/07/2025 | 16/06/2025 | 5 | 18/08/2021 | Books (Long term) | ႙႓႓ |